000 004920000a22001810004500
003 MACL
005 20160128172716.0
008 160128b xxu||||| |||| 00| 0 eng d
040 _aMACL
_cmalc
041 _aEnglish
082 _a954/MAD
100 _aAjaz, Dr S M
_933586
245 _aIndian History
_bFrom pre historic Cultures to Modern times till 1964
260 _bBright Careers Institute
_c2002
_aNew Delhi
350 _a450
650 _aHistory
_935136
942 _cBK
_k954/AJA
_2ddc
999 _c31810
_d31810